[Event "CHI-chT"]
[Site "Chile"]
[Date "2023.11.10"]
[Round "7.1"]
[White "Riquelme Cifuentes, Esteban"]
[Black "Quijada Cabalin, Jonathan"]
[Result "1/2-1/2"]
[WhiteElo "1699"]
[BlackElo "1837"]
[PlyCount "90"]
[EventDate "2023.11.07"]
[EventType "team-tourn"]
[EventRounds "7"]
[EventCountry "CHI"]
[SourceTitle "CB46_2023"]
[SourceDate "2023.11.15"]
[SourceVersion "1"]
[SourceVersionDate "2023.11.15"]
[SourceQuality "1"]
[WhiteTeam "UACH"]
[BlackTeam "UBB"]
[WhiteTeamCountry "CHI"]
[BlackTeamCountry "CHI"]

1. e4 c5 2. Nf3 d6 3. d4 cxd4 4. Nxd4 Nf6 5. Nc3 a6 6. f3 e5 7. Nb3 Be6 8. Be3 Be7 9. Qd2 0-0 10. g4 d5 11. exd5 Nxd5 12. Nxd5 Qxd5 13. Qxd5 Bxd5 14. Be2 Nd7 15. 0-0-0 Be6 16. Bd3 Rac8 17. Be4 Rc7 18. g5 Rfc8 19. Rd2 Bxb3 20. axb3 Bc5 21. Re1 g6 22. Kb1 Kg7 23. Rd5 Bxe3 24. Rxe3 Nc5 25. Rc3 Nxe4 26. Rxc7 Nd2+ 27. Rxd2 Rxc7 28. Rd6 h6 29. h4 hxg5 30. hxg5 Re7 31. c4 Kf8 32. Kc2 Ke8 33. Kd3 Rd7 34. Rxd7 Kxd7 35. Ke4 Ke6 36. b4 Kd6 37. f4 exf4 38. Kxf4 Ke6 39. b3 f5 40. gxf6 Kxf6 41. c5 g5+ 42. Kg4 Kg6 43. Kg3 Kf5 44. Kf3 g4+ 45. Kg3 Kg5 1/2-1/2

[Event "CHI-chT"]
[Site "Chile"]
[Date "2023.11.08"]
[Round "3.1"]
[White "Zamora Parada, Cristobal"]
[Black "Quijada Cabalin, Jonathan"]
[Result "0-1"]
[WhiteElo "1412"]
[BlackElo "1837"]
[PlyCount "80"]
[EventDate "2023.11.07"]
[EventType "team-tourn"]
[EventRounds "7"]
[EventCountry "CHI"]
[SourceTitle "CB46_2023"]
[SourceDate "2023.11.15"]
[SourceVersion "1"]
[SourceVersionDate "2023.11.15"]
[SourceQuality "1"]
[WhiteTeam "UTEM"]
[BlackTeam "UBB"]
[WhiteTeamCountry "CHI"]
[BlackTeamCountry "CHI"]

1. e4 c5 2. d4 cxd4 3. c3 dxc3 4. Nxc3 d6 5. Bc4 Nc6 6. Nf3 e6 7. 0-0 Be7 8. Qe2 a6 9. Rd1 Qa5 10. Bf4 Nf6 11. Bxd6 Bxd6 12. Rxd6 Ne5 13. Bb5+ axb5 14. Nxe5 b4 15. Nb5 0-0 16. a4 b3 17. Rd4 Qb6 18. Qc4 Ra6 19. Rad1 g6 20. Nd6 Ra8 21. R1d3 Qa5 22. Nf3 e5 23. Nxf7 exd4 24. N7g5+ Kh8 25. Qxd4 Qxa4 26. Qd6 Qe8 27. e5 Ra1+ 28. Rd1 Rxd1+ 29. Qxd1 h6 30. Qd6 hxg5 31. exf6 Qd8 32. Qe5 Qxf6 33. Qc5 g4 34. Ne5 Re8 35. f4 gxf3 36. Nxf3 Bg4 37. Qb5 Rf8 38. Nd2 Qf2+ 39. Kh1 Qe1+ 40. Nf1 Rxf1+ 0-1

[Event "CHI-chT"]
[Site "Chile"]
[Date "2023.11.07"]
[Round "2.1"]
[White "Quijada Cabalin, Jonathan"]
[Black "Aguirre Adaros, Joaquin Antonio"]
[Result "1/2-1/2"]
[WhiteElo "1837"]
[BlackElo "1910"]
[PlyCount "47"]
[EventDate "2023.11.07"]
[EventType "team-tourn"]
[EventRounds "7"]
[EventCountry "CHI"]
[SourceTitle "CB46_2023"]
[SourceDate "2023.11.15"]
[SourceVersion "1"]
[SourceVersionDate "2023.11.15"]
[SourceQuality "1"]
[WhiteTeam "UBB"]
[BlackTeam "USM (V)"]
[WhiteTeamCountry "CHI"]
[BlackTeamCountry "CHI"]

1. d4 Nf6 2. c4 e6 3. Nf3 c5 4. e3 cxd4 5. Nxd4 Nc6 6. Be2 Qc7 7. 0-0 b6 8. Nc3 Bb7 9. Bd2 Rc8 10. Rc1 Qb8 11. Nf3 Be7 12. Re1 0-0 13. b3 Rfd8 14. e4 d6 15. h3 Ne5 16. Nh2 Nxe4 17. Nxe4 Bxe4 18. Bc3 Bg5 19. Qd4 Qb7 20. f3 Bxc1 21. Rxc1 Bc6 22. f4 Bxg2 23. fxe5 Bxh3 24. Bf3 1/2-1/2

[Event "Chillan op"]
[Site "Chillan"]
[Date "2017.08.12"]
[Round "2.6"]
[White "Quijada Cabalin, Jonathan"]
[Black "Silva Guzman, Segundo Modesto"]
[Result "1/2-1/2"]
[WhiteElo "1808"]
[BlackElo "1566"]
[PlyCount "65"]
[EventDate "2017.08.12"]
[EventType "swiss"]
[EventRounds "6"]
[EventCountry "CHI"]
[SourceTitle "EXT 2024"]
[Source "ChessBase"]
[SourceDate "2023.10.10"]
[SourceVersion "1"]
[SourceVersionDate "2023.10.10"]
[SourceQuality "1"]

1. e4 c6 2. d4 d5 3. exd5 cxd5 4. c4 e6 5. Nc3 Bb4 6. Nf3 Nc6 7. Bd3 Nf6 8. 0-0 dxc4 9. Bxc4 0-0 10. a3 Bxc3 11. bxc3 Qa5 12. Qd3 h6 13. Re1 a6 14. Bd2 b5 15. Bb3 Bb7 16. a4 bxa4 17. Bxa4 Qh5 18. Reb1 Rab8 19. Bf4 e5 20. Nxe5 Nxe5 21. Bxe5 Be4 22. Qf1 Rxb1 23. Rxb1 Bxb1 24. Qxb1 Ng4 25. Bg3 Qa5 26. Bd1 Nf6 27. Be2 Qxc3 28. Bxa6 Ra8 29. Bf1 Ra1 30. Qb8+ Kh7 31. Qb5 Qxd4 32. h3 Ne4 33. Qf5+ 1/2-1/2

[Event "Chillan op"]
[Site "Chillan"]
[Date "2017.08.12"]
[Round "3.6"]
[White "Zurita Palma, Christopher"]
[Black "Quijada Cabalin, Jonathan"]
[Result "1-0"]
[WhiteElo "1825"]
[BlackElo "1808"]
[PlyCount "29"]
[EventDate "2017.08.12"]
[EventType "swiss"]
[EventRounds "6"]
[EventCountry "CHI"]
[SourceTitle "EXT 2024"]
[Source "ChessBase"]
[SourceDate "2023.10.10"]
[SourceVersion "1"]
[SourceVersionDate "2023.10.10"]
[SourceQuality "1"]

1. d4 Nf6 2. Bg5 e6 3. e4 h6 4. Bxf6 Qxf6 5. c3 d6 6. Bd3 Be7 7. Ne2 0-0 8. 0-0 e5 9. Qb3 Nc6 10. d5 Nb8 11. Nd2 a5 12. Nc4 a4 13. Qc2 g5 14. Ng3 Nd7 15. b4 1-0

[Event "CHI-ch U20"]
[Site "San Carlos"]
[Date "2015.02.14"]
[Round "8"]
[White "Quijada Cabalin, Jonathan"]
[Black "Castillo Rivera, Carlos Alberto"]
[Result "0-1"]
[WhiteElo "1774"]
[BlackElo "1917"]
[PlyCount "56"]
[EventDate "2015.02.10"]
[EventType "swiss"]
[EventRounds "9"]
[EventCountry "CHI"]
[SourceTitle "CBM 164 Extra"]
[Source "ChessBase"]
[SourceDate "2015.03.02"]
[SourceVersion "1"]
[SourceVersionDate "2015.03.02"]
[SourceQuality "1"]

1. e4 c5 2. Nc3 Nc6 3. Bb5 g6 4. Bxc6 dxc6 5. Nge2 Bg7 6. 0-0 Nf6 7. d3 0-0 8. h3 e5 9. Be3 b6 10. Qd2 Qe7 11. Ng3 Rd8 12. b3 Be6 13. Qe2 Ne8 14. Rad1 Nc7 15. Nb1 Nb5 16. Rc1 a5 17. a4 Nd4 18. Qe1 Bc8 19. Ne2 f5 20. exf5 gxf5 21. Nxd4 cxd4 22. Bd2 Re8 23. f3 Bb7 24. Qg3 Kh8 25. Rce1 Qc5 26. Rc1 Rg8 27. Rfe1 Bf6 28. Qh2 Rae8 0-1

[Event "CHI-ch U20"]
[Site "San Carlos"]
[Date "2015.02.12"]
[Round "5"]
[White "Estrada Lavin, Cristian Alexan"]
[Black "Quijada Cabalin, Jonathan"]
[Result "1-0"]
[WhiteElo "1943"]
[BlackElo "1774"]
[PlyCount "84"]
[EventDate "2015.02.10"]
[EventType "swiss"]
[EventRounds "9"]
[EventCountry "CHI"]
[SourceTitle "CBM 164 Extra"]
[Source "ChessBase"]
[SourceDate "2015.03.02"]
[SourceVersion "1"]
[SourceVersionDate "2015.03.02"]
[SourceQuality "1"]

1. d4 Nf6 2. c4 e6 3. Nf3 d5 4. cxd5 exd5 5. Nc3 c6 6. Bg5 Be7 7. Qc2 0-0 8. e3 h6 9. Bf4 a5 10. Bd3 Na6 11. a3 Be6 12. 0-0 c5 13. dxc5 Nxc5 14. Nd4 Nxd3 15. Qxd3 Qd7 16. Rac1 Nh5 17. Be5 Bf6 18. Bxf6 Nxf6 19. Ncb5 Rfc8 20. Rfd1 Ne4 21. Nxe6 fxe6 22. f3 Nc5 23. Qe2 Nb3 24. Rxc8+ Rxc8 25. Nc3 Qc6 26. h4 Qc5 27. Kh1 Qe7 28. g3 Qf7 29. Kg2 Rc4 30. Qc2 a4 31. Qe2 Qg6 32. Qd3 Qxd3 33. Rxd3 b5 34. Nxb5 Rc2+ 35. Kh3 Rxb2 36. Nc3 Nc5 37. Rd4 Rb3 38. Nxa4 Nxa4 39. Rxa4 Rxe3 40. Kg4 Kf7 41. Kf4 Re2 42. Ra6 d4 1-0

[Event "CHI-ch U20"]
[Site "San Carlos"]
[Date "2015.02.12"]
[Round "4"]
[White "Quijada Cabalin, Jonathan"]
[Black "Quiriban Espinosa, Nicolas Aleja"]
[Result "1-0"]
[WhiteElo "1774"]
[BlackElo "1594"]
[PlyCount "107"]
[EventDate "2015.02.10"]
[EventType "swiss"]
[EventRounds "9"]
[EventCountry "CHI"]
[SourceTitle "CBM 164 Extra"]
[Source "ChessBase"]
[SourceDate "2015.03.02"]
[SourceVersion "1"]
[SourceVersionDate "2015.03.02"]
[SourceQuality "1"]

1. e4 c5 2. Nc3 d6 3. f4 Nc6 4. Bb5 Bd7 5. Nf3 a6 6. Bxc6 Bxc6 7. 0-0 Qd7 8. d3 g6 9. Re1 Bg7 10. e5 0-0-0 11. Qe2 e6 12. exd6 Bxf3 13. Qxf3 Qxd6 14. Ne4 Qc7 15. Be3 Bd4 16. c3 Bxe3+ 17. Qxe3 b6 18. d4 c4 19. b3 Ne7 20. bxc4 Qxc4 21. Ng5 Nd5 22. Qe2 Qxe2 23. Rxe2 Rd7 24. g3 Kc7 25. Rc1 Kb7 26. Nf3 Rc8 27. c4 Rdc7 28. Ne5 Nb4 29. a3 Nc6 30. Nf3 Ne7 31. Nd2 Nf5 32. Re5 Nxd4 33. Kf2 Nc6 34. Re3 Rd8 35. Ne4 Na5 36. Rec3 Rd4 37. Ke3 Rd8 38. Nf6 h5 39. h3 Rdc8 40. Ne4 Rd8 41. c5 b5 42. Nd6+ Kc6 43. Ke4 Nb7 44. Ke5 Rg8 45. Ne4 Nd8 46. Nf6 Rh8 47. h4 Nb7 48. Ne4 Nd8 49. Nf2 Rf8 50. Kf6 Rg8 51. Nd3 Kd7 52. Ne5+ Ke8 53. c6 Kf8 54. Rd1 1-0

[Event "CHI-ch U20"]
[Site "San Carlos"]
[Date "2015.02.11"]
[Round "3"]
[White "Romero Gonzalez, Juan Ignacio"]
[Black "Quijada Cabalin, Jonathan"]
[Result "1/2-1/2"]
[WhiteElo "1790"]
[BlackElo "1774"]
[PlyCount "126"]
[EventDate "2015.02.10"]
[EventType "swiss"]
[EventRounds "9"]
[EventCountry "CHI"]
[SourceTitle "CBM 164 Extra"]
[Source "ChessBase"]
[SourceDate "2015.03.02"]
[SourceVersion "1"]
[SourceVersionDate "2015.03.02"]
[SourceQuality "1"]

1. e4 c5 2. Nf3 g6 3. d4 cxd4 4. Nxd4 Nf6 5. Nc3 Nc6 6. Be3 Bg7 7. Be2 0-0 8. 0-0 d6 9. f4 Bd7 10. Bf3 a6 11. Nb3 Rc8 12. g4 b5 13. g5 Ne8 14. Nd5 Rb8 15. Bg4 e6 16. Nc3 b4 17. Ne2 f5 18. exf5 gxf5 19. Bh3 Ne7 20. Bd4 Bxd4+ 21. Qxd4 Qb6 22. Rfe1 Ng6 23. Rad1 Bb5 24. Qxb6 Rxb6 25. Nbd4 Bxe2 26. Nxe2 Kf7 27. Kf2 Nc7 28. Bg2 Rc8 29. Kg3 Nb5 30. Rd2 a5 31. Rc1 a4 32. Nd4 Nxd4 33. Rxd4 Rc7 34. h4 Ne7 35. h5 e5 36. fxe5 dxe5 37. Rd3 Rc4 38. Bh3 Rbc6 39. c3 a3 40. bxa3 Rxc3 41. Rcd1 e4 42. Rxc3 Rxc3+ 43. Kh4 bxa3 44. Rd7 Ke6 45. Ra7 e3 46. Bf1 Rc1 47. Bd3 Rh1+ 48. Kg3 Rxh5 49. Rxa3 Rxg5+ 50. Kf4 Rg4+ 51. Kxe3 Nd5+ 52. Kf3 Rf4+ 53. Kg3 Rd4 54. Be2 Kf6 55. Bf3 Ne7 56. Ra7 Rd3 57. a4 Ng6 58. Kf2 Ne5 59. Be2 Ng4+ 60. Bxg4 fxg4 61. Rxh7 Kg6 62. Rb7 Ra3 63. Ra7 Kg5 1/2-1/2

[Event "CHI-ch U20"]
[Site "San Carlos"]
[Date "2015.02.10"]
[Round "1"]
[White "Quijada Cabalin, Jonathan"]
[Black "Gutierrez Montes, Sebastian"]
[Result "1/2-1/2"]
[WhiteElo "1774"]
[BlackElo "2093"]
[PlyCount "110"]
[EventDate "2015.02.10"]
[EventType "swiss"]
[EventRounds "9"]
[EventCountry "CHI"]
[SourceTitle "CBM 164 Extra"]
[Source "ChessBase"]
[SourceDate "2015.03.02"]
[SourceVersion "1"]
[SourceVersionDate "2015.03.02"]
[SourceQuality "1"]

1. e4 c5 2. Nc3 g6 3. f4 Bg7 4. Nf3 Nc6 5. Bb5 Nd4 6. 0-0 e6 7. a4 Ne7 8. d3 0-0 9. Kh1 d5 10. exd5 exd5 11. a5 a6 12. Ba4 Qxa5 13. Re1 Qd8 14. Nxd4 cxd4 15. Ne2 Nf5 16. Ng1 b5 17. Bxb5 Ne3 18. Bxe3 dxe3 19. Ba4 Bxb2 20. Rb1 Bd4 21. Qf3 Be6 22. Ne2 Ba7 23. d4 Bd7 24. Bb3 Bc6 25. Qxe3 Re8 26. Qd2 Qf6 27. c3 Re7 28. Ng1 Rae8 29. Rxe7 Qxe7 30. Nf3 Qe3 31. Re1 Qxd2 32. Rxe8+ Bxe8 33. Nxd2 Bc6 34. Nf1 a5 35. Ne3 Bb8 36. Nxd5 Bxd5 37. Bxd5 Bxf4 38. Bb3 Kf8 39. g3 Bd2 40. c4 Ke7 41. Kg2 Bc3 42. d5 Kd6 43. Ba4 Kc5 44. Kf3 Kb4 45. Be8 a4 46. c5 a3 47. c6 Be5 48. d6 Bxd6 49. Bxf7 Kc5 50. h4 Kxc6 51. g4 Kc5 52. Ke4 Kc6 53. h5 Kd7 54. Ba2 Ke7 55. hxg6 hxg6 1/2-1/2

[Event "Chillan Viejo U2200"]
[Site "Chillan Viejo"]
[Date "2014.08.15"]
[Round "2"]
[White "Gomez Parada, Luis Tomas"]
[Black "Quijada Cabalin, Jonathan"]
[Result "0-1"]
[WhiteElo "1424"]
[BlackElo "1693"]
[PlyCount "108"]
[EventDate "2014.08.15"]
[EventType "tourn"]
[EventRounds "9"]
[EventCountry "CHI"]
[SourceTitle "EXT 2016"]
[Source "ChessBase"]
[SourceDate "2015.10.08"]
[SourceVersion "1"]
[SourceVersionDate "2015.10.08"]
[SourceQuality "1"]

1. d4 c5 2. d5 d6 3. c4 g6 4. Nc3 Bg7 5. e4 Nf6 6. h3 Nbd7 7. Bd3 b6 8. Be3 0-0 9. Qd2 Ne5 10. Be2 Ba6 11. b3 Ne8 12. Rc1 Nc7 13. Bh6 Qd7 14. g4 f6 15. Bxg7 Kxg7 16. f4 Nf7 17. f5 Ne5 18. h4 h6 19. g5 hxg5 20. hxg5 Rh8 21. gxf6+ exf6 22. Rxh8 Rxh8 23. fxg6 Rh6 24. Qf4 Rxg6 25. Kd2 Bc8 26. Nf3 Qg4 27. Qxg4 Nxg4 28. Nh4 Rg5 29. Rg1 Ne5 30. Rxg5+ fxg5 31. Nf5+ Bxf5 32. exf5 Ne8 33. Ke3 a6 34. Ne4 Kh6 35. Kf2 Nf7 36. Kg3 Nc7 37. Bg4 b5 38. f6 bxc4 39. bxc4 Kg6 40. Be6 Ne8 41. Bxf7+ Kxf7 42. Nxg5+ Kxf6 43. Kf4 Nc7 44. Ne4+ Ke7 45. Kf5 a5 46. a4 Na8 47. Nxc5 dxc5 48. Ke5 Nb6 49. d6+ Kd7 50. Ke4 Kxd6 51. Kd3 Nxa4 52. Kc2 Nb6 53. Kb3 Nxc4 54. Kxc4 a4 0-1